000
00300nam a2200133Ia 4500
008
200615s9999||||xx |||||||||||||| ||und||
082
_a
620
_b
STR-K
100
_a
KUMAR,RANJAN
245
0
_a
STRENGTH OF MATERIALS
250
_a
1ST
260
_a
New Delhi
_b
AITBS
_c
2018
300
_a
250
942
_c
BK
999
_c
29731
_d
29731